Merchant ship construction : especially written for the merchant navy (Record no. 5603)

000 -LEADER
fixed length control field 00529nam a2200181Ia 4500
008 - FIXED-LENGTH DATA ELEMENTS--GENERAL INFORMATION
fixed length control field 200103s 1978 ||||xx |||||||||||||| ||und||
020 ## - INTERNATIONAL STANDARD BOOK NUMBER
International Standard Book Number 0851741444
082 ## - DEWEY DECIMAL CLASSIFICATION NUMBER
Classification number 623.82
Item number PUR
100 ## - MAIN ENTRY--PERSONAL NAME
Personal name Pursey, H. J.
245 #0 - TITLE STATEMENT
Title Merchant ship construction : especially written for the merchant navy
250 ## - EDITION STATEMENT
Edition statement 6th ed.
260 ## - PUBLICATION, DISTRIBUTION, ETC. (IMPRINT)
Name of publisher, distributor, etc Brown, Son and Ferguson, Ltd.
Date of publication, distribution, etc 1978
Place of publication, distribution, etc Glasgow
300 ## - PHYSICAL DESCRIPTION
Extent xii, 217p.
650 ## - SUBJECT ADDED ENTRY--TOPICAL TERM
Topical term or geographic name as entry element Refrigerated ships
650 ## - SUBJECT ADDED ENTRY--TOPICAL TERM
Topical term or geographic name as entry element Hawsepipes
650 ## - SUBJECT ADDED ENTRY--TOPICAL TERM
Topical term or geographic name as entry element Stregthening for ice navigation
942 ## - ADDED ENTRY ELEMENTS (KOHA)
Item type Books
Holdings
Withdrawn status Lost status Source of classification or shelving scheme Damaged status Not for loan Collection code Permanent location Current location Shelving location Date acquired Full call number Barcode Date last seen Koha item type Public note
          Non-fiction IMU-MPC Library IMU-MPC Library General Stacks 2020-01-08 623.82 PUR LBS6829 2024-04-12 Books Column - 15
Copyright © 2021 Indian Maritime University, Mumbai Port Campus. All Rights Reserved. Managed & Maintained by Central Library, IMU-Mumbai

webs counters

Powered by Koha